| 000 | 00991nam a22003377a 4500 | ||
|---|---|---|---|
| 001 | 0007827 | ||
| 003 | KOHA_MİRAKIL | ||
| 005 | 20260207001612.0 | ||
| 007 | ta | ||
| 008 | 091005b2004 tu |||gr||||#||||0|tur | | ||
| 020 |
_a975695163X _c0,01 |
||
| 040 |
_aTR-BiSEU _btur _cTR-BiSEU _erda |
||
| 041 | 0 | _atur | |
| 044 | _ctu | ||
| 050 |
_aHG1651 _b.K37 2004 |
||
| 100 | 1 | _aKarakoç, İ. Başak. | |
| 245 | 1 |
_aİskontocu aracı kurumlar ve ülkemizde uygulanabilirliği/ _cİ. Başak Karakoç ; İ. Başak Karakoç. |
|
| 264 | 1 |
_aAnkara : _bSermaye Piyasası Kurulu _c2004 |
|
| 300 | _a50 sayfa; 21 cm. | ||
| 336 |
_ametin _btxt _2rdacontent |
||
| 337 |
_aaracısız _bn _2rdamedia |
||
| 338 |
_acilt _bnc _2rdacarrier |
||
| 490 | 1 |
_aYayın ; _vno. |
|
| 490 | 1 | _a160. | |
| 500 | _aYetrerlilik etüdü. | ||
| 650 | 0 |
_aAracı kurumlar--Türkiye. _919427 |
|
| 650 | 0 |
_aStockbrokers--Turkey. _919428 |
|
| 830 | 1 |
_aYayın ; _vno. _91557 |
|
| 830 | 1 |
_a160. _913536 |
|
| 942 |
_2lcc _cBK |
||
| 999 |
_c7804 _d7804 |
||